Inadvertently granting consent under a lease (Record no. 68041)

MARC details
000 -LEADER
fixed length control field 01061cam a2200217 4500
001 - CONTROL NUMBER
control field ABS64406
008 - FIXED-LENGTH DATA ELEMENTS--GENERAL INFORMATION
fixed length control field 010821n2001 000 0 eng u
035 ## - SYSTEM CONTROL NUMBER
System control number (Sirsi) u114222
245 ## - TITLE STATEMENT
Title Inadvertently granting consent under a lease
260 ## - PUBLICATION, DISTRIBUTION, ETC.
Date of publication, distribution, etc. 2001
490 ## - SERIES STATEMENT
Series statement Commercial Property
Volume/sequential designation 4(1) 2001, 2-3(1)
520 ## - SUMMARY, ETC.
Summary, etc. A tenant requires the landlord's consent before assigning the lease subletting, carrying out alterations or changes of use of the demised property. A landlord normally consents using a formal licence granted as a deed, containing terms and conditions to protect the landlord's position. However, a landlord needs to beware of granting consent inadvertently before the licence is completed. Suggests wording to avoid this.
590 ## - LOCAL NOTE (RLIN)
Local note ABS
650 ## - SUBJECT ADDED ENTRY--TOPICAL TERM
Topical term or geographic name entry element CONSENT
650 ## - SUBJECT ADDED ENTRY--TOPICAL TERM
Topical term or geographic name entry element LEASES
650 ## - SUBJECT ADDED ENTRY--TOPICAL TERM
Topical term or geographic name entry element PRUDENTIAL ASSURANCE CO LTD V MOUNT EDEN LAND LTD
650 ## - SUBJECT ADDED ENTRY--TOPICAL TERM
Topical term or geographic name entry element NEXT PLC V NATIONAL FARMERS UNION MUTUAL INSURANCE CO LTD AND ANOTHER
650 ## - SUBJECT ADDED ENTRY--TOPICAL TERM
Topical term or geographic name entry element PROPERTY-COMMERCIAL PROPERTY
690 ## - LOCAL SUBJECT ADDED ENTRY--TOPICAL TERM (OCLC, RLIN)
Topical term or geographic name as entry element LANDLORD AND TENANT-LEASES
942 ## - ADDED ENTRY ELEMENTS (KOHA)
Suppress in OPAC 0
Holdings
Withdrawn status Lost status Source of classification or shelving scheme Damaged status Not for loan Home library Current library Shelving location Date acquired Total Checkouts Full call number Barcode Date last seen Copy number Price effective from Koha item type
    Dewey Decimal Classification     London London Journal article 21/08/2001   ABS64406 114222-1001 06/08/2019 1 06/08/2019 Journal article